Every Track Formula E Has Raced At - Statistics

General Stats
  • This quiz has been taken 90 times
  • The average score is 22 of 36
Answer Stats
Year(s) Active Country Answer % Correct
2016-2020, 2022-Present MEX Autodromo Hermanos Rodriguez
94%
2021-Present GBR ExCeL London
94%
2016 DEU Berlin Street Circuit
90%
2024-Present CHN Shanghai International Circuit
83%
2015, 2017, 2019, 2021-Present MCO Circuit de Monaco
81%
2024 JPN Tokyo Street Circuit
81%
2016-2017, 2019 HKG Hong Kong Central Harbourfront Circuit
80%
2015 RUS Moscow Street Circuit
80%
2022 KOR Seoul Street Circuit
80%
2014-2015 CHN Beijing Olympic Green Circuit
79%
2016-2019 FRA Circuit des Invalides
79%
2017 CAN Montreal Street Circuit
76%
2023-Present BRA Sao Paulo Street Circuit
74%
2022-2023 IDN Jakarta Internatonal e-Prix Circuit
69%
2023-Present USA Portland International Raceway
67%
2018 CHL Santiago Street Circuit
66%
2021 ESP Circuit de la Comunitat Valenciana Ricardo Tormo
64%
2024 ITA Misano World Circuit Marco Simoncelli
64%
2019 CHE Bern Street Circuit
60%
2017-2019, 2021-2022 USA Brooklyn Street Circuit
57%
2023 ZAF Cape Town Street Circuit
57%
2015-2016 USA Long Beach Street Circuit
57%
2018 CHE Zurich Street Circuit
57%
2023 IND Hyderabad Street Circuit
53%
2018-2019, 2021-Present SAU Riyadh Street Circuit
51%
2015, 2017-Present DEU Tempelhof Airport Street Circuit
50%
2015-2016 GBR Battersea Park Street Circuit
47%
2014-2015 URY Punta del Este Street Circuit
46%
2018-2019, 2021-2023 ITA Circuito Cittadino dell'EUR
43%
2014-2015 MYS Putrajaya Street Circuit
34%
2021 MEX Autodromo Internacional Miguel E. Abed
26%
2016, 2018-2020, 2022 MAR Circuit International Automobile Moulay El Hassan
24%
2019 CHN Haitang Bay Circuit
24%
2019-2020 CHL Parque O'Higgins Circuit
24%
2015 USA Biscayne Bay Street Circuit
23%
2015-2017 ARG Puerto Madero Street Circuit
20%
No matching quizzes found
Score Distribution
Percent of People with Each Score
Percentile by Number Answered
Your Score History
You have not taken this quiz